| 000 | 00858nam a2200241 a 4500 | ||
|---|---|---|---|
| 005 | 20240919064350.0 | ||
| 008 | 190117s2017 mx r 000 0 spa d | ||
| 020 | _a9786073157742 | ||
| 035 | _aUPN01000228467 | ||
| 049 | _aCG | ||
| 050 | 4 |
_aHD58.8 _bK6.2 |
|
| 100 | 1 |
_aKotter, John P., _d1947- _942482 |
|
| 245 | 1 | 1 |
_a¡Aquí no hacemos las cosas así! : _buna historia sobre el auge y la caída de las organizaciones, y cómo lograr que se reinventen / _cJohn Kotter y Holger Rathgeber ; tr. de Mercedes Vaquero. |
| 260 |
_aMéxico : _bPenguin Random House, _c2017. |
||
| 300 |
_a156 p. : _bil. |
||
| 534 |
_pTítulo original: _tThat's not how we do it here |
||
| 650 | 4 |
_aCambio organizacional _94984 |
|
| 650 | 4 |
_aNegocios _98729 |
|
| 650 | 4 |
_aEconomía _911541 |
|
| 700 | 1 |
_aRathgeber, Holger, _ecoaut. _942483 |
|
| 905 | _aLibro | ||
| 999 |
_c200562 _d200562 |
||